Statistics for Famous Castles and Palaces

Click here to take the quiz!

General Stats

  • This quiz has been taken 1,060 times
    (940 since last reset)
  • The average score is 5 of 15

Answer Stats

HintAnswer% Correct
London's royal residenceBuckingham Palace
98%
A French island castle off the coast of NormandyMont Saint-Michel
58%
An extravagant Moorish palace in GranadaAlhambra Palace
56%
The British royal family's residence in AberdeenshireBalmoral Castle
52%
A Bavarian castle that inspired Walt DisneyNeuschwanstein
50%
A castle in Berkshire and Henry VIII's last resting placeWindsor Castle
50%
An American regional hamburger restaurant chainWhite Castle
45%
The former residence of the Dalai LamaPotala Palace
21%
A contender for Dracula's CastleBran Castle, Corvin Castle or Poenari Castle
15%
Beijing palace dominated by Longevity Hill and Kunming LakeSummer Palace
13%
When Macbeth became a thane, this castle became hisCawdor Castle
12%
The biggest ancient castle in the world, inspired Kafka's last novelPrague Castle
11%
The so-called 'White Heron' Castle in Hyogo, JapanHimeji Castle
9%
The official residence of the Kings of Siam since 1782Grand Palace
5%
He who is valiant and pure of spirit may find the Holy grail hereCastle of Aaargh
3%

Score Distribution

Percentile by Number Answered

Percent of People with Each Score

Your Score History

You have not taken this quiz since the last reset